Hlavní dodávatelia plynu do EÚ

Prehľad hlavných dodávateľov zemného plynu do Európskej únie. Medzinárodné prepravné siete. Plynovody. Ruská federácia a Gasprom.

Saved in:
Bibliographic Details
Main Author: Fabuš, Michal
Format: Book Chapter
Language:Slovak
Subjects:
Tags: Add Tag
No Tags, Be the first to tag this record!

MARC

LEADER 00000naa$a2200000$$$4500
001 0082321
005 20240522071604.8
041 0 |a slo 
044 |a SK 
245 1 0 |a Hlavní dodávatelia plynu do EÚ  |c Michal Fabuš 
520 |a Prehľad hlavných dodávateľov zemného plynu do Európskej únie. Medzinárodné prepravné siete. Plynovody. Ruská federácia a Gasprom. 
610 2 0 |a Európska únia 
610 2 0 |a obchod zahraničný 
610 2 0 |a plyn zemný 
610 2 0 |a Alžírsko 
610 2 0 |a Afrika 
610 2 0 |a Nórsko 
610 2 0 |a siete dopravné 
610 2 0 |a plynovody 
610 2 0 |a závislosť ekonomická 
100 1 |a Fabuš, Michal